01702nam a22004097a 4500003000500000005001700005008004100022010001000063011001000073035001000083040000900093090001000102100004300112245005600155260004000211300003000251500001800281502010000299590003700399590004100436590004100477590004100518590004100559590004100600590004200641650003700683650004700720901000700767942000900774949003500783949004000818949004000858999001700898952012500915952012501040952012701165CHAP20220329141633.0971013s1974 r 00010 d a71422 a72394 a81949 cCHAP aTesis00aCamino Aguilera, José Miguel.917850 aEstriado foliar bacteriano del maíz (Zea mays L.) aChapingo, Méx. :bEl autor,c1974 a63 h.b: ilus. ; gráfs. ac.4 en bodega aTesis (M. C. Esp. en Fitopatología) -- ENA. Colegio de Postgraduados. Rama de Fitopatología aALEPHb10c20130110lUCH01h1411 aBATCH-UPDb10c20130109lUCH01h2344 aBATCH-UPDb10c20130110lUCH01h0500 aBATCH-UPDb10c20130409lUCH01h1914 aBATCH-UPDb10c20130410lUCH01h0137 aBATCH-UPDb10c20130914lUCH01h0519 aCONVERSIONb10c20130109lUCH01h133914aBacterias fitopatógenas.9932614aMaízxEnfermedades por bacterias.970940 aBK cFOLL bBCcTESd-35680eTS1i81949si bBCcTESd-35682eTS2fc.2i81949si bBCcTESd-35685eTS2fc.3i81949si c71422d71422 00102local4053708TESISaBCbBCcPA_TESISd2012-12-17fTESISl0p-35682r2019-12-31 00:00:00tc.2w2019-12-31yTESIS 00102local4053708TESISaBCbBCcPA_TESISd2012-12-17fTESISl0p-35685r2019-12-31 00:00:00tc.3w2019-12-31yTESIS 00102local4051708TESISaBCbBCcPA_TESISd2012-12-17fTESISl0oTesisp-35680r2019-12-31 00:00:00w2012-12-17yTESIS